Reignite/ (Record no. 203023)

MARC details
000 -LEADER
fixed length control field 00635 a2200205 4500
005 - DATE AND TIME OF LATEST TRANSACTION
control field 20240520143056.0
010 ## - LCCN (DPL NO)
LC control number B-759120
020 ## - INTERNATIONAL STANDARD BOOK NUMBER
International Standard Book Number 9780143333548
Terms of availability 199.00
035 ## - SYSTEM CONTROL NUMBER
System control number B-759120
037 ## - SOURCE OF ACQUISITION
Source of stock number/acquisition Gift
082 ## - DEWEY DECIMAL CLASSIFICATION NUMBER
Classification number S
100 ## - MAIN ENTRY--PERSONAL NAME
Personal name Kalam,A.P.J Abdul
245 ## - TITLE STATEMENT
Title Reignite/
Statement of responsibility, etc A.P.J Abdul kalam & Srijan Pal Singh
260 ## - PUBLICATION, DISTRIBUTION, ETC. (IMPRINT)
Place of publication, distribution, etc Gurugram
Name of publisher, distributor, etc Hechette Book Publishing India Pvt. Ltd.
Date of publication, distribution, etc 2022
270 ## - ADDRESS
Address 4th & 5th Floors, Corporate Centre Plot no.94 Sector-44
City Gurugram
Postal code 122003
300 ## - PHYSICAL DESCRIPTION
Extent 257 p.
Dimensions 21 cm(Pb)
700 ## - ADDED ENTRY--PERSONAL NAME
Personal name Srijan Pal Singh
9 (RLIN) 66471
942 ## - ADDED ENTRY ELEMENTS (KOHA)
Institution code [OBSOLETE] dpl
Item type Children Books
Source of classification or shelving scheme Dewey Decimal Classification
Classification part S
Call number suffix KAL
Holdings
Withdrawn status Lost status Not for loan Collection code Home library Current library Date acquired Source of acquisition Cost, normal purchase price Full call number Barcode Copy number Cost, replacement price Koha item type Public note
      Fiction Sarojini Nagar Sarojini Nagar 20/05/2024 Gift/20.5.24 199.00 S KAL B-759120 1 199.00 Children Books Gift

© Delhi Public Library
Hit Counter
free hit counter